| Tag |
First Indicator |
Second Indicator |
Subfields |
| LEADER |
00000cam a2200000Mi 4500 |
| 001 |
in00005493513 |
| 006 |
m o d |
| 007 |
cr ||||||||||| |
| 008 |
190103s2019 enka fob 000 0 eng d |
| 005 |
20240923170228.5 |
| 035 |
|
|
|a (OCoLC)on1084555564
|
| 040 |
|
|
|a SGPBL
|b eng
|e rda
|e pn
|c SGPBL
|d OCLCO
|d OCLCF
|d OCLCO
|d OCLCL
|
| 020 |
|
|
|a 9781526468895
|q (ebook)
|
| 020 |
|
|
|a 1526468891
|
| 035 |
|
|
|a (OCoLC)1084555564
|
| 043 |
|
|
|a e-no---
|a e-gx---
|
| 050 |
|
4 |
|a R853.Q34
|b B47 2019
|
| 082 |
0 |
4 |
|a 001.42
|2 23
|
| 049 |
|
|
|a TXAM
|
| 100 |
1 |
|
|a Berg, Laila Nordstrand,
|e author.
|
| 245 |
1 |
4 |
|a The use of comparative research design in studying hospital management /
|c Laila Nordstrand Berg.
|
| 264 |
|
1 |
|a London :
|b SAGE Publications Ltd,
|c 2019.
|
| 300 |
|
|
|a 1 online resource :
|b illustrations.
|
| 336 |
|
|
|a text
|b txt
|2 rdacontent
|
| 337 |
|
|
|a computer
|b c
|2 rdamedia
|
| 338 |
|
|
|a online resource
|b cr
|2 rdacarrier
|
| 490 |
1 |
|
|a SAGE Research Methods. Cases
|
| 504 |
|
|
|a Includes bibliographical references and index.
|
| 520 |
8 |
|
|a In my study of hospital management after reforms in recent decades, the term hybrid management appeared. This term was not well defined and it was not clear what managerial issues or practices it covered. I therefore chose a qualitative approach to explore how management was institutionalized and interpreted in hospitals. A qualitative research approach has the necessary flexibility to study a complex phenomenon such as management. Another strength is the flexibility to adjust the research design as new opportunities arise. My original most similar case design where I intended to study management within a Norwegian context was therefore altered to a most different case design and included a comparison between a Norwegian case and a German case. The value of such a comparison is not only that it is well suited to increase knowledge on the theme in focus but also that taken-for-granted knowledge was exposed in the comparison. This was most useful in developing a theory on hybrid management.
|
| 588 |
|
|
|a Description based on XML content.
|
| 650 |
|
0 |
|a Qualitative research
|x Methodology.
|
| 650 |
|
0 |
|a Qualitative research
|z Norway.
|
| 650 |
|
0 |
|a Qualitative research
|z Germany.
|
| 650 |
|
0 |
|a Hospitals
|x Administration
|x Research.
|
| 650 |
|
6 |
|a Recherche qualitative
|z Norvège.
|
| 650 |
|
6 |
|a Recherche qualitative
|z Allemagne.
|
| 650 |
|
6 |
|a Hôpitaux
|x Administration
|x Recherche.
|
| 650 |
|
7 |
|a Hospitals
|x Administration
|x Research.
|2 fast
|0 (OCoLC)fst00961193
|
| 650 |
|
7 |
|a Qualitative research.
|2 fast
|0 (OCoLC)fst01084940
|
| 650 |
|
7 |
|a Qualitative research
|x Methodology.
|2 fast
|0 (OCoLC)fst01923255
|
| 651 |
|
7 |
|a Germany.
|2 fast
|0 (OCoLC)fst01210272
|1 https://id.oclc.org/worldcat/entity/E39PBJtCD3rcKcPDx6FHmjvrbd
|
| 651 |
|
7 |
|a Norway.
|2 fast
|0 (OCoLC)fst01204556
|1 https://id.oclc.org/worldcat/entity/E39QbtfRyK4jjG7gmVvd83RM4Y
|
| 830 |
|
0 |
|a SAGE Research Methods.
|p Cases.
|
| 856 |
4 |
0 |
|u http://proxy.library.tamu.edu/login?url=https://methods.sagepub.com/case/the-use-of-comparative-research-design-in-studying-hospital-management
|z Connect to the full text of this electronic book
|t 0
|
| 955 |
|
|
|a SAGE eBooks
|
| 955 |
|
|
|a SAGE Research Methods Cases 2
|
| 994 |
|
|
|a 92
|b TXA
|
| 999 |
f |
f |
|s 426fdc11-7d0b-4870-879e-147508608e4f
|i b705c0bf-0bfd-4660-abc5-c9989f0ab8dd
|t 0
|
| 952 |
f |
f |
|a Texas A&M University
|b College Station
|c Electronic Resources
|d Available Online
|t 0
|e R853.Q34 B47 2019
|h Library of Congress classification
|
| 998 |
f |
f |
|a R853.Q34 B47 2019
|t 0
|l Available Online
|